000 00428nam a2200181Ia 4500
001 18662
005 20260306171647.0
008 260306s9999||||xx |||||||||||||| ||und||
041 _aESP
082 _a658.42
_bB24
100 _aBarnard, Chester I.
_eAUT
245 4 _aThe functions of the executive
260 _c1968
300 _a334 páginas :
_c21 cm.
650 _aGEN
654 _aCHU
942 _cLIB
_dJUS
_fJUS
_2ddc
_n
999 _c18662
_d18662